[Event "GCT Cote d Ivoire Blitz 2019"]
[Site "Abidjan"]
[Date "2019.05.12"]
[Round "15"]
[White "Karjakin, Sergey"]
[Black "Nakamura, Hikaru"]
[Result "1/2-1/2"]
[WhiteElo "2773"]
[BlackElo "2805"]
[Annotator "TA"]
[PlyCount "143"]
[EventDate "2019.05.05"]
[EventType "tourn"]
[EventCountry "IVO"]
[SourceTitle "playchess.com"]
[Source "ChessBase"]
[SourceQuality "1"]

{[%evp 25,143,25,25,23,16,15,13,23,25,24,22,20,31,20,43,16,42,31,47,38,77,14,26,0,7,0,9,0,4,-8,14,0,45,9,44,0,44,44,53,0,0,0,0,17,93,8,8,8,8,8,8,8,8,0,0,0,8,0,0,0,0,0,0,0,0,0,0,0,0,0,0,0,0,0,0,0,0,0,0,0,0,0,8,8,8,8,8,8,8,8,8,8,8,8,8,8,557,534,73,284,29940,12825,11175,520,6422,1270,11648,9390,5477,539,12848,11089,10235,8,8,8,8,0,0,0]} 1. c4 Nf6 2. Nc3 e5 3. Nf3 Nc6 4. a3 g6 5. g3 Bg7 6. Bg2 O-O 7. O-O a5 8. d3 d6 9. Rb1 h6 10. b4 axb4 11. axb4 Be6 12. b5 Ne7 13. Bb2 Qd7 14. Qc2 {A26: English Opening vs King's Indian with ...Nc6 and d3} (14. Qb3 Bh3 15. Ra1 Rab8 16. Ra7 Qe6 17. Rfa1 Bxg2 18. Kxg2 Nd7 19. e4 f5 20. Nd5 Nc5 21. Qc2 fxe4 22. dxe4 Nxd5 23. cxd5 {1-0 (73) Spoelman,W (2578)-Jones,G (2640) chess.com INT 2018}) 14... Bh3 15. Ra1 Bxg2 16. Kxg2 Qe6 17. Rxa8 Rxa8 18. Ra1 $146 ({Predecessor:} 18. e4 Nh5 19. h3 f5 20. exf5 Nxf5 21. Ne4 c6 22. bxc6 bxc6 {½-½ (35) Heinl,A-Krug,G Germany 1989}) 18... Rxa1 19. Bxa1 c6 20. e4 Nd7 21. Bb2 f5 22. Ba3 Bf8 23. Ne2 ({White should try} 23. Qa4 $16) 23... g5 24. exf5 Nxf5 25. bxc6 bxc6 26. h3 Nf6 27. Nc3 Ne7 28. Qa4 c5 29. Qa6 {Threatening Bxc5!} Kf7 30. Nb5 Ng6 31. Nd2 Qd7 32. Qa8 (32. Ne4 $14 Nxe4 33. dxe4) 32... d5 $11 33. Nb3 dxc4 (33... g4 $5 34. h4 $8 (34. Bxc5 $2 dxc4 35. dxc4 gxh3+ 36. Kh2 Qd1 $19) (34. Nxc5 $2 gxh3+ 35. Kg1 Qg4 $19) 34... Qf5 35. Qb7+ (35. Nxc5 Qf3+ 36. Kg1 Qd1+ 37. Kg2 Qf3+ 38. Kg1 Qd1+ 39. Kg2 Qf3+ $11) 35... Kg8 36. Nxc5 Qf3+ 37. Kg1 Qd1+ 38. Kg2 Qf3+ 39. Kg1 Qd1+ 40. Kg2 Qf3+ $11) 34. dxc4 Qd3 (34... g4 $1 $11 35. h4 (35. Nxc5 $2 gxh3+ 36. Kh2 Qf5 $19) 35... Qd3 36. Qb7+ Kg8 37. Nxc5 Qxc4) 35. Nxc5 (35. Qb7+ $16 Qd7 36. Qxd7+ Nxd7 37. Nc3) 35... Qxc4 {[%mdl 64] Double Attack} 36. Qb7+ Kg8 37. Qc6 Qd5+ 38. Qxd5+ Nxd5 39. Ne4 Bxa3 40. Nxa3 {[%mdl 4096] Endgame KNN-KNN} Kf7 41. Kf3 Nge7 42. Nc4 Nc6 43. Nc5 Nf6 44. Ke3 h5 45. Ne4 Nd5+ 46. Kf3 Kg6 47. Ned6 Nf6 48. Ke3 h4 {Strongly threatening ...g4.} 49. gxh4 gxh4 50. Ne4 Nd5+ 51. Kf3 Kh5 52. Nc5 Nf6 53. Ke3 Kg5 54. Ne4+ Kf5 55. Nxf6 Kxf6 {KN-KN} 56. Ke4 Ke6 57. Kf3 Kd5 58. Ne3+ Kd4 59. Kg4 Ke4 60. Ng2 Kd3 $2 {[%mdl 8192]} (60... Ne7 $11 {and Black has nothing to worry.}) 61. Kxh4 Nd4 62. Ne3 Ke4 $2 (62... Ne6 $18 63. Kg3 Ng7) 63. Kg4 Nf3 64. Nf1 (64. h4 $142 {Hoping for h5.} Nh2+ 65. Kh3) 64... Ne1 {[#]} (64... Nd4 $142 65. Ne3 Nf3) 65. h4 $1 $18 {[%cal Rh4h5]} Nd3 66. f3+ Kd5 {[#]} 67. Kf5 $1 {And now h5 would win.} Kd6 68. h5 Ke7 69. Ne3 $2 (69. Nh2 $18 Kf7 70. Ng4) 69... Ne1 $1 $11 {The position is equal.} 70. Ke4 {aiming for Ng4.} Kf6 71. Nf5 Nxf3 {( -> ...Ng5+)} 72. Kxf3 {Accuracy: White = 46%, Black = 46%.} 1/2-1/2

[Event "GCT Cote d Ivoire Blitz 2019"]
[Site "Abidjan"]
[Date "2019.05.12"]
[Round "15"]
[White "So, Wesley"]
[Black "Wei, Yi"]
[Result "1/2-1/2"]
[WhiteElo "2772"]
[BlackElo "2737"]
[Annotator "TA"]
[PlyCount "58"]
[EventDate "2019.05.05"]
[EventType "tourn"]
[EventCountry "IVO"]
[SourceTitle "playchess.com"]
[Source "ChessBase"]
[SourceQuality "1"]

{[%evp 25,58,35,22,15,31,24,33,26,43,12,11,8,10,0,30,6,9,0,0,0,0,0,0,0,0,-5,-8,-11,0,0,0,-9,0,0,0]} 1. Nf3 d5 2. d4 Nf6 3. c4 dxc4 4. e3 e6 5. Bxc4 c5 6. O-O Nc6 7. a3 a6 8. dxc5 Qxd1 9. Rxd1 Bxc5 10. Be2 b5 11. b4 Be7 12. Bb2 Bb7 13. Nbd2 O-O 14. Nb3 {D27: Queen's Gambit Accepted: Classical main line: 7 e4!? and 7 a4} Rfd8 15. Ne1 Rxd1 16. Rxd1 {White is slightly better.} Rd8 {[#]} 17. Rxd8+ $146 ({Predecessor:} 17. Rc1 Nd7 18. Nd3 Rc8 19. Ndc5 Nxc5 20. Nxc5 Na5 21. Nxb7 Rxc1+ 22. Bxc1 Nxb7 {½-½ (55) Drozdovskij,Y (2587)-Bogdanovich,S (2299) Odessa 2008}) 17... Nxd8 18. f3 Nd7 19. e4 e5 20. g3 f6 {The position is equal.} 21. Bf1 Kf7 22. Nd3 Ne6 23. Bh3 Bc8 24. Kf2 Nb6 25. Bc1 Nc4 26. Nd2 Nb6 27. Nb3 Nc4 28. Nd2 Nb6 29. Nb3 Nc4 {Accuracy: White = 64%, Black = 55%.} 1/2-1/2

[Event "GCT Cote d Ivoire Blitz 2019"]
[Site "Abidjan"]
[Date "2019.05.12"]
[Round "15"]
[White "Topalov, Veselin"]
[Black "Amin, Bassem"]
[Result "1/2-1/2"]
[WhiteElo "2736"]
[BlackElo "2683"]
[Annotator "TA"]
[PlyCount "119"]
[EventDate "2019.05.05"]
[EventType "tourn"]
[EventCountry "IVO"]
[SourceTitle "playchess.com"]
[Source "ChessBase"]
[SourceQuality "1"]

{[%evp 15,119,19,35,34,33,37,32,25,34,26,26,4,12,18,52,22,30,2,8,5,11,0,0,0,0,0,0,0,0,-2,0,0,0,0,0,-100,-112,-100,-109,-119,-103,-115,-109,-136,-83,-69,0,0,0,0,0,0,0,-46,-51,-43,-29,-110,-93,-94,-99,-86,-103,-389,-362,-362,-362,-471,-473,-535,0,-438,-305,-283,0,0,28,28,28,0,0,0,0,0,0,0,0,0,0,0,0,0,0,0,0,0,0,0,0,0,0,0,0,0,0,0]} 1. e4 e5 2. Nf3 Nc6 3. Bb5 a6 4. Ba4 Nf6 5. O-O Be7 6. d3 d6 7. c3 O-O 8. Re1 Re8 9. h3 {C84: Closed Ruy Lopez: Unusual White 6th moves} b5 10. Bc2 Bb7 11. Nbd2 {White is slightly better.} Bf8 12. a4 Nb8 13. Nf1 c5 14. Bg5 h6 15. Bh4 (15. Bxf6 $5 Qxf6 16. axb5 $14) 15... Nbd7 16. Ne3 {[#]} Qc7 $146 ({Predecessor:} 16... Qb6 17. Bb3 Qc7 {1-0 (44) Ivanchuk,V (2769)-Sasikiran,K (2707) Amsterdam 2012}) 17. Bg3 g6 18. Bh2 Bg7 19. Nd2 d5 20. exd5 Nxd5 21. Nxd5 Bxd5 22. Bb3 Qc6 23. Bxd5 Qxd5 24. Qe2 f5 25. Qf3 {[#]} (25. Kh1 $11) 25... e4 $1 $17 {[%cal Re4f3][%mdl 512]} 26. dxe4 Qxd2 27. Rad1 {[%cal Ba1d1,Bd1d7,Bd7f7][%mdl 32]} Qxb2 {Threatens to win with ...fxe4.} ({Don't do} 27... fxe4 28. Qg4 $15) 28. Rxd7 {Hoping for e5.} Qxc3 {[%cal Rc3e1]} 29. Qd1 fxe4 (29... Bd4 $142 {Strongly threatening ...bxa4.} 30. Bf4 fxe4) 30. Bf4 Qf6 (30... Qc4 $15 31. Qd2 Bc3) 31. Qd5+ $11 Kh8 32. Rf7 Qd4 33. Qc6 Rf8 34. Rd7 Qf6 35. Qxf6 Bxf6 36. Bxh6 (36. axb5 $1 $11 {keeps the balance.} axb5 37. Bd6) 36... Rfe8 $17 37. axb5 axb5 {[%cal Ba6b5,Bb5b4][%mdl 32]} 38. Be3 c4 {And now ...b4 would win.} 39. Rf7 $2 {[%mdl 8192]} (39. Rb1 $17) 39... Bc3 40. Rc1 b4 41. Rd7 Red8 42. Re7 Re8 43. Rd7 $1 Reb8 {...b3 is the strong threat.} 44. Bf4 Rf8 $2 {[#]} (44... Rd8 $19 45. Re7 Rd3) 45. Rxc3 $1 $11 {[%mdl 512]} Rxf4 (45... bxc3 $5 46. Be5+ $8 {[%mdl 64] Double Attack} Kg8 47. Rg7+ {[%mdl 64] Double Attack} Kh8 $11) 46. Rxc4 {[%mdl 4096] Endgame KRR-KRR} Rb8 47. Rd1 b3 {The position is equal.} 48. Rb1 Rf5 49. Rxe4 b2 50. Re2 Rfb5 51. Rd2 Kg7 52. g3 Rb3 53. Kg2 R8b7 54. h4 Kh6 55. Rc2 R7b6 56. Rd2 Rb7 57. Kh3 R7b4 58. Kg2 Rb5 59. Rc2 Rb7 60. Rd2 {Accuracy: White = 64%, Black = 70%.} 1/2-1/2

[Event "GCT Cote d Ivoire Blitz 2019"]
[Site "Abidjan"]
[Date "2019.05.12"]
[Round "16"]
[White "Carlsen, Magnus"]
[Black "So, Wesley"]
[Result "1/2-1/2"]
[WhiteElo "2867"]
[BlackElo "2772"]
[Annotator "TA"]
[PlyCount "148"]
[EventDate "2019.05.05"]
[EventType "tourn"]
[EventCountry "IVO"]
[SourceTitle "playchess.com"]
[Source "ChessBase"]
[SourceQuality "1"]

{[%evp 9,148,0,10,0,18,18,23,9,21,16,10,12,28,31,44,38,39,9,9,12,12,10,10,12,12,12,0,0,0,0,0,0,4,0,0,0,0,-10,-16,-12,0,0,0,0,0,-8,0,-62,-7,-35,0,0,0,0,12,18,28,0,0,0,26,22,85,0,3,0,93,64,44,50,177,108,93,0,119,105,175,64,172,171,274,132,128,14,14,16,16,0,8,0,14,14,15,16,16,16,84,0,146,0,143,0,134,0,8,0,0,0,0,0,0,0,8,8,8,8,9,0,0,0,0,0,0,0,0,0,0,-40,0,0,0,0,0,0,0,0,0,0,0,0,0]} 1. c4 c5 2. g3 g6 3. Bg2 Bg7 4. Nc3 Nc6 5. Nf3 e6 6. h4 {A37: Symmetrical English vs ...g6: 4 Bg2 Bg7 5 Nf3} (6. a3 Nge7 7. b4 d6 8. O-O O-O 9. Rb1 b6 10. e3 Bb7 11. d4 cxd4 12. exd4 Nf5 13. Ne2 Rc8 14. Bb2 d5 15. c5 Ba6 16. Re1 bxc5 17. dxc5 d4 18. Qa4 Bxe2 19. Rxe2 {0-1 (41) Maghsoodloo,P (2688)-Mamedov,R (2703) St Petersburg 2018}) 6... h6 7. e3 Nge7 8. d4 {White has an edge.} cxd4 9. Nxd4 d5 10. cxd5 Nxd4 (10... exd5 {keeps more tension.} 11. O-O O-O 12. Re1 Be6 13. Nce2 Bg4) 11. exd4 Nxd5 12. O-O $146 ({Predecessor:} 12. Nxd5 exd5 13. Qb3 Qb6 14. Bxd5 Qxb3 15. axb3 O-O 16. O-O Rd8 17. Bc4 Be6 18. Bxe6 {½-½ (18) Ruck,R (2485)-Borgo,G (2444) Budapest 1999}) 12... O-O 13. Qb3 {[%cal Rc3d5]} Ne7 14. Rd1 Nf5 15. Ne2 a5 16. Bf4 a4 17. Qa3 Qb6 18. Rac1 Bd7 19. Be5 Rfc8 20. Bxg7 Kxg7 21. d5 Rxc1 22. Rxc1 e5 23. Qc3 Qd6 24. a3 Bb5 25. Qd2 Bxe2 26. Qxe2 Nd4 27. Qc4 Rd8 28. Kh2 (28. Re1 $11) 28... b5 (28... g5 $1 $15) 29. Qc7 Qf6 30. Re1 Rd6 ({Avoid the trap} 30... Qxf2 $2 31. Rf1 $18) 31. Kg1 g5 32. hxg5 hxg5 33. Qc8 Rd8 34. Qg4 Re8 35. Be4 Rd8 (35... Rb8 $11) 36. Kg2 ({Better is} 36. Rc1 $1 $16) 36... Rh8 $11 37. d6 Ne6 (37... Rd8 $11 {keeps the balance.}) 38. d7 Rd8 39. Rd1 $36 {[%mdl 2048] Black is under pressure.} Qe7 (39... Nd4 $1 $14) 40. Qf5 (40. Rd5 $18) 40... Qf6 $16 {White should prevent ...Qxf5.} 41. Qh7+ Kf8 42. Rd5 $1 Nd4 (42... Nc7 $16 43. Rd3 Ne6) 43. Qh5 (43. Qh1 $1 $18) 43... Ke7 {[#]} (43... Qg7 $1 $14) 44. Qg4 $1 $18 Ne6 (44... Kf8 {might work better.} 45. Bb1 Qe7) 45. Rxb5 (45. Bf5 $18 {White wants to mate with Qb4+.} Rxd7 46. Qb4+ {[%mdl 64] Double Attack} (46. Rxb5 Rd4 $11) 46... Kd8 47. Qa5+ (47. Qxb5 Rxd5 48. Qxd5+ Ke7 $16) 47... Ke7 48. Qb4+ Kd8 49. Rxb5) 45... Rxd7 $16 46. Qf5 ({White should play} 46. Bd5 $16) 46... Qxf5 $11 47. Bxf5 {[%mdl 4096] Endgame KRB-KRN} Kf6 48. Bc2 Rd4 49. Rb4 Nc5 50. Kf3 Ke6 51. Ke3 Kd5 52. Rb6 Rc4 {[#]} (52... Ne4 $11) 53. Bd1 (53. Bb1 $1 $16) 53... Rc1 (53... f5 $11 {remains equal.}) 54. Be2 (54. Bh5 $16 Nb3 55. Bxf7+ Kc5 56. Rb8 Re1+ 57. Kf3) 54... Rc2 (54... f5 $11) 55. Bd1 Rc1 56. Kd2 ({White must play} 56. Bh5 $16 Nb3 57. Bxf7+ Kc5 58. Rb8 Re1+ 59. Kf3) 56... Ra1 57. Rb4 Ne4+ 58. Ke2 Nxf2 59. Bxa4 Nh1 60. Bb3+ Kd6 61. g4 f5 62. gxf5 {aiming for f6.} Ng3+ {[%mdl 64] Double Attack} 63. Kf3 Nxf5 64. Kg4 Nd4 {Threatening ...Rg1+.} 65. Kxg5 Rg1+ 66. Kh4 Nxb3 67. Rxb3 {KR-KR} e4 68. Rg3 Rb1 {[%mdl 1024] Black has compensation.} 69. Rb3 {The position is equal.} Rg1 70. a4 Ra1 71. Rb4 e3 72. Re4 e2 73. Rxe2 Rxa4+ 74. Kg3 Kc5 {Accuracy: White = 52%, Black = 45%.} 1/2-1/2

[Event "GCT Cote d Ivoire Blitz 2019"]
[Site "Abidjan"]
[Date "2019.05.12"]
[Round "16"]
[White "Nakamura, Hikaru"]
[Black "Nepomniachtchi, Ian"]
[Result "1-0"]
[WhiteElo "2805"]
[BlackElo "2776"]
[Annotator "TA"]
[PlyCount "151"]
[EventDate "2019.05.05"]
[EventType "tourn"]
[EventCountry "IVO"]
[SourceTitle "playchess.com"]
[Source "ChessBase"]
[SourceQuality "1"]

{[%evp 9,171,35,43,40,45,41,29,23,27,28,56,18,18,16,31,15,21,0,56,13,29,2,75,32,207,6,14,-5,-15,-21,13,14,13,0,0,0,0,0,6,4,6,9,13,-6,80,96,129,132,132,127,129,134,139,139,138,135,150,150,190,181,225,220,202,165,179,145,209,123,145,72,72,72,72,64,64,31,31,31,31,12,54,0,31,31,288,31,42,8,8,8,35,27,71,60,60,60,66,76,539,64,64,52,52,43,60,60,64,60,60,60,61,58,64,55,64,64,77,95,114,67,66,64,64,64,64,63,94,97,138,123,321,147,152,143,166,58,623,645,1703,1780,1454,831,1878,729,635,623,29963,29965,29972,29968,5716,3612,29980,29981,29981,29982,29983,29983,29983,29984,29984,29983,29983,29984]} 1. e4 e5 2. Nf3 Nc6 3. Bb5 g6 4. c3 a6 5. Ba4 Bg7 6. d4 {C70: Ruy Lopez: 3...a6 4 Ba4, Norwegian and Delayed Schliemann} exd4 7. cxd4 b5 8. Bb3 {White has an edge.} (8. Bc2 d6 9. d5 Na5 10. O-O Ne7 11. Bd2 Bxb2 12. Bxa5 Bxa1 13. Nc3 {1-0 (24) Navara,D (2733)-Salgado Lopez,I (2624) Germany 2019}) 8... Nge7 9. O-O $146 ({Predecessor:} 9. Nc3 Na5 10. Bc2 O-O 11. O-O d6 12. h3 c5 {½-½ (39) Dann,M (2482)-Pap,M (2487) Dortmund 2016}) 9... d6 10. d5 (10. a4 $5 {[%cal Ra4b5]}) 10... Na5 $1 11. Bc2 c5 12. Nc3 O-O 13. h3 h6 (13... f5 $11) 14. Re1 $14 g5 15. e5 {Bxg5 is the strong threat.} dxe5 (15... Bf5 $11) 16. Nxe5 b4 $2 (16... Qd6 $14 17. f4 Bb7) 17. Na4 $2 (17. Qd3 $2 Bf5 $19) ({White must play} 17. d6 $18 Nec6 18. Nxc6 (18. Qd3 Re8 $11) 18... Nxc6 19. Ne2) 17... Qxd5 $11 18. Qxd5 (18. Qd3 {looks sharper.} Qxd3 19. Nxd3 Nac6 20. Ndxc5 Bf5 21. Bb3) 18... Nxd5 19. Be4 Be6 (19... Rd8 {is more complex.} 20. Nf3 Rb8 21. Rd1 Be6 22. Nxc5 Nc7) 20. Nxc5 Bxe5 21. Bxd5 Bxd5 22. Rxe5 Rfd8 23. Re1 b3 24. Bd2 Nc4 25. Bc3 bxa2 26. Rxa2 Rac8 (26... Ne3 $1 $11 27. Rxa6 Rxa6 28. Nxa6 Nxg2) 27. Rxa6 $16 Rxc5 28. Rxh6 {[%csl Gc3][%cal Rh6h8]} f6 29. Bxf6 {Threatening mate with Re7.} Rd7 30. Rh8+ ({Not} 30. Bxg5 Bxg2 $1 {[%mdl 512]} 31. f4 Bb7 $17) 30... Kf7 31. Rh7+ $1 ({Much worse is} 31. Bxg5 $6 Kg7 $11) 31... Kxf6 32. Rxd7 Be6 33. Rb7 Ne5 34. Rb6 Kf5 35. b4 Rd5 36. Rb8 Nd7 37. Rd8 Rb5 (37... Rd4 $16 38. Rb1 Ba2) 38. Re8 (38. Rh8 $18 {Hoping for g4+.} Bc4 39. Re7) 38... Rb6 39. Re7 (39. f3 $142) 39... Ne5 40. Rb1 Nc6 41. Re8 Rxb4 42. Ra1 Nd4 43. Rf8+ Kg6 44. Re1 Kg7 45. Ra8 (45. Rd8 $14) 45... Kf6 (45... Bxh3 $5 46. gxh3 (46. Ra7+ Kf6 $11) 46... Nf3+ {[%mdl 64] Double Attack} 47. Kf1 Nxe1 48. Ra7+ Kf6 49. Ra6+ Kf7 50. Kxe1 Rb3 $11) 46. Ra6 Kf5 $2 {[%mdl 8192] [#]} (46... Kf7 $14) 47. Kh2 $2 (47. Rd6 $1 $18) 47... Rb2 $14 48. Ra5+ Kf6 49. Re4 Nc6 50. Rc5 Rb6 51. h4 gxh4 52. Rxh4 Ne7 53. Rf4+ Kg7 $2 {[%mdl 8192]} (53... Kg6 $16 {is tougher.}) 54. Re4 $2 (54. Rc7 $18) 54... Kf6 55. Re3 Nf5 56. Re2 Ne7 57. f3 Ng6 58. Rd2 Ne5 59. Kg3 Nf7 60. Ra5 Rc6 61. Rd4 Rb6 62. Kh4 Nh6 63. g4 {Threatens to win with g5+.} Nf7 64. Rf4+ Kg7 65. Kg3 Rb1 66. Re4 Rb6 67. f4 Bb3 68. Re7 Kf8 69. Rc7 Bd1 $2 (69... Kg7 $16 70. Rg5+ Kf6) 70. Rf5 (70. Ra8+ $18 {has better winning chances.} Kg7 71. Raa7) 70... Bb3 $16 71. g5 Kg7 72. Ra5 (72. Rfc5 $18) 72... Rd6 $2 {[%mdl 8192] [#]} (72... Kg6 $14) 73. f5 $1 $18 Rd3+ 74. Kf4 Rd4+ 75. Ke3 Rc4 76. Rxc4 {Played: Rc7-b7} 1-0

[Event "GCT Cote d Ivoire Blitz 2019"]
[Site "Abidjan"]
[Date "2019.05.12"]
[Round "16"]
[White "Vachier-Lagrave, Maxime"]
[Black "Topalov, Veselin"]
[Result "1-0"]
[WhiteElo "2792"]
[BlackElo "2736"]
[Annotator "TA"]
[PlyCount "73"]
[EventDate "2019.05.05"]
[EventType "tourn"]
[EventCountry "IVO"]
[SourceTitle "playchess.com"]
[Source "ChessBase"]
[SourceQuality "1"]

{[%evp 9,73,8,14,3,26,5,13,12,16,0,0,9,29,29,64,-23,-54,-74,48,54,45,39,32,30,53,31,142,133,169,154,191,143,125,149,130,129,150,66,330,264,252,222,199,0,0,0,0,-21,0,0,0,0,0,0,25,0,0,0,0,0,0,0,834,828,29982,29982]} 1. Nf3 d5 2. g3 c6 3. Bg2 Bg4 4. O-O Nd7 5. h3 (5. d4 e6 6. Nbd2 Ngf6 7. Re1 Be7 8. e4 O-O 9. c3 dxe4 10. Nxe4 Nxe4 11. Rxe4 Bxf3 12. Qxf3 Bg5 13. h4 Bxc1 14. Rxc1 Nf6 15. Re5 Nd7 16. Re3 Qa5 17. a3 Qb5 18. Rc2 a5 19. c4 {1-0 (43) Artemiev,V (2709)-Navara,D (2736) Skopje 2018}) 5... Bxf3 6. Bxf3 {A07: Réti Opening: New York and Capablanca Systems} e6 7. d3 Bd6 8. e4 {The position is equal.} Ngf6 9. Qe2 Qc7 10. Nc3 $146 ({Predecessor:} 10. exd5 cxd5 11. Nc3 Qc5 12. Rd1 Ne5 13. d4 Nxf3+ 14. Qxf3 {0-1 (68) Sepp,O (2434)-Nyback,T (2575) Finland 2018}) 10... O-O-O 11. a4 Rdg8 12. Rb1 (12. d4 $14) 12... g5 $11 13. Bg2 a5 (13... d4 $17 14. Na2 h5) 14. exd5 $14 exd5 15. d4 $1 Kb8 16. Qd3 h6 17. Re1 Nf8 (17... Bb4 $14) 18. Na2 $16 Ne4 19. b4 f5 20. bxa5 Qxa5 21. Ba3 Bxa3 22. Qxa3 {aiming for f3.} Nd7 {[#]} 23. Nb4 (23. Qb2 $1 $16 {[%csl Gb1][%cal Rb2b7][%mdl 512]} Qc7 24. c4 $1 {[%mdl 512]} dxc4 25. Bxe4 fxe4 26. Rxe4) 23... Kc7 $2 {[%mdl 8192] [#]} ({Better is} 23... Ka8 $1 $14) 24. c4 $1 $18 {[%mdl 512]} dxc4 25. Bxe4 fxe4 {[#]} 26. Rxe4 $2 (26. d5 $1 $18) 26... Re8 $1 $11 {[%cal Re8e4]} 27. Rxe8 Rxe8 28. Qc3 Nb6 29. d5 Nxd5 30. Nxd5+ {[%mdl 64] Discovered Attack} Qxd5 {[%mdl 4096] Endgame KQR-KQR} 31. Qg7+ Kd6 32. Qxb7 Qd2 33. Kg2 {Strongly threatening Qg7.} Qd5+ 34. Kh2 {Threatens to win with Qb6.} Qd4 $1 {[%cal Rd4f2]} 35. Qf7 {And now a5 would win.} Re7 $2 {[%mdl 8192]} (35... c3 $11) 36. Qf8 $18 Kd5 37. Qd8+ {Accuracy: White = 47%, Black = 38%.} 1-0

[Event "GCT Cote d Ivoire Blitz 2019"]
[Site "Abidjan"]
[Date "2019.05.12"]
[Round "16"]
[White "Wei, Yi"]
[Black "Ding, Liren"]
[Result "1/2-1/2"]
[WhiteElo "2737"]
[BlackElo "2786"]
[Annotator "TA"]
[PlyCount "45"]
[EventDate "2019.05.05"]
[EventType "tourn"]
[EventCountry "IVO"]
[SourceTitle "playchess.com"]
[Source "ChessBase"]
[SourceQuality "1"]

{[%evp 10,45,22,26,22,33,21,20,25,16,62,54,57,61,66,67,71,0,0,0,0,0,0,0,0,0,0,0,0,0,0,0,0,0,0,0,0,0]} 1. e4 e5 2. Nf3 Nc6 3. Nc3 Nf6 4. Bb5 Nd4 5. Bc4 Bc5 6. Nxe5 Qe7 {C48: Four Knights: 4 Bb5, replies other than 4...Bb4} 7. Nf3 (7. Bxf7+ Kf8 $17) 7... d5 ({But not} 7... Nxe4 8. Nd5 $16) 8. Bxd5 Bg4 9. d3 ({And not} 9. Bxb7 Rb8 $17) 9... O-O-O 10. Be3 $1 Nxd5 11. Nxd5 Rxd5 12. exd5 {aiming for c3.} Re8 {[#] Strongly threatening ...Qf6.} 13. c3 (13. O-O $16 Bxf3 14. gxf3) 13... Nxf3+ $11 {The position is equal.} 14. gxf3 {[#]} Qh4 $146 15. Kd2 ({Wrong is} 15. fxg4 $2 Rxe3+ 16. Kd2 Qxf2+ 17. Kc1 Re2 $19) 15... Rxe3 $1 {[%mdl 64] [#] Remove Defender} 16. fxe3 Qf2+ {[%mdl 64] Double Attack} 17. Kc1 Bxf3 {[%mdl 64] Double Attack} 18. Qe1 Bxe3+ 19. Kb1 Bxh1 20. Qxh1 {Hoping for Qe4.} Qe2 $1 {[%cal Re2d3]} 21. a4 {And now Qe4! would win.} Qxd3+ 22. Ka2 Qc4+ 23. Kb1 1/2-1/2

[Event "GCT Cote d Ivoire Blitz 2019"]
[Site "Abidjan"]
[Date "2019.05.12"]
[Round "16"]
[White "Amin, Bassem"]
[Black "Karjakin, Sergey"]
[Result "0-1"]
[WhiteElo "2683"]
[BlackElo "2773"]
[Annotator "TA"]
[PlyCount "118"]
[EventDate "2019.05.05"]
[EventType "tourn"]
[EventCountry "IVO"]
[SourceTitle "playchess.com"]
[Source "ChessBase"]
[SourceQuality "1"]

{[%evp 11,118,35,43,12,14,20,16,5,18,7,14,13,11,7,21,2,14,5,30,-11,-13,-13,-14,-10,-7,-35,13,6,14,0,11,7,23,18,26,25,23,25,26,0,0,0,11,11,11,11,24,11,11,0,0,-74,-74,-791,-792,-778,-792,-792,-792,-792,-792,-761,-762,-745,-711,-858,-858,-858,-858,-864,-862,-827,-822,-859,-828,-711,-619,-599,-544,-898,-873,-1204,-1095,-1088,-1061,-1058,-1007,-1058,-1012,-29976,-29977,-29977,-29978,-29978,-29979,-29979,0,-29980,-29981,-29981,-29982,-29984,-29985,-29985,-29985,-29987,-29988,-29990,-29991]} 1. Nf3 c5 2. e4 d6 3. Bb5+ Nd7 4. O-O Ngf6 5. Re1 a6 6. Bf1 b6 7. c4 {B51: Sicilian: Moscow Variation (3 Bb5+) without 3...Bd7} (7. d4 cxd4 8. Qxd4 Bb7 9. Nc3 e6 10. Bg5 Be7 11. Rad1 Qc7 12. a4 Rc8 13. h3 O-O 14. Qe3 h6 15. Bh4 Rfd8 16. Bg3 {0-1 (26) Bacrot,E (2708)-Karjakin,S (2781) Paris 2017}) 7... e5 8. Nc3 Be7 9. d3 $146 {The position is equal.} ({Predecessor:} 9. g3 O-O 10. Bg2 Bb7 11. d3 Re8 12. Rb1 Qc7 13. Nh4 g6 14. Bh3 Bc6 {0-1 (47) Montero Fernandez,R (2261)-Hernandez Carmenates,H (2325) Havana 1999}) 9... O-O 10. a3 Nb8 11. b4 Nc6 12. Rb1 h6 13. bxc5 bxc5 14. Nd5 Bg4 15. Be2 Bxf3 16. Bxf3 Nxd5 17. cxd5 Nd4 18. Bb2 g6 19. Bxd4 cxd4 20. Rb7 Bg5 21. Qa4 h5 22. g3 Qf6 23. Kg2 Rfc8 24. h4 Bc1 25. Rb6 Rc3 26. Rxa6 Rxa6 27. Qxa6 Bxa3 28. Rb1 Kh7 29. Rb8 Bc1 30. Qb5 {Strongly threatening Qe8.} Be3 $36 {[%mdl 2048] Black has good play.} 31. Qb2 (31. Qb1 $11 {remains equal.} Bc1 32. Be2) 31... Rxd3 $17 {Threatens to win with ...Rd2.} 32. fxe3 $2 {[%mdl 8192]} (32. Qb1 $17 Rd2 33. Rb2) 32... dxe3 $19 33. Qe2 {[#]} Rd2 $1 {[%mdl 512]} 34. Rb2 Rxe2+ 35. Rxe2 {[%mdl 4096] Endgame KQ-KRB} Qd8 36. Rxe3 Qa5 37. Re2 Qc3 38. Rf2 Qd3 39. Kh2 Qe3 40. Kg2 Kh6 41. Re2 Qd3 42. Rf2 f5 43. Re2 Kg7 44. Kf2 Kf6 45. Re1 f4 46. Re2 fxg3+ 47. Kxg3 g5 48. hxg5+ Kxg5 49. Rh2 {[#]} h4+ $1 50. Rxh4 Qxf3+ $1 51. Kxf3 Kxh4 {KPP-KPP} 52. Kf2 {[#]} Kg4 $1 53. Ke3 {[#]} Kg3 $1 {[%cal Rg3g4] aiming for ...Kg4.} 54. Kd2 $2 {[%mdl 8192]} (54. Ke2 $11 Kf4 55. Kd3 Kf3 56. Kc3 Kxe4 57. Kc4 Kf4 58. Kc3 e4 59. Kd2 e3+ 60. Ke1 Ke4 61. Ke2 Kd4 62. Ke1 Kxd5 63. Kf1 Kd4 64. Ke2 Ke4 65. Ke1 Kd3 66. Kd1 d5 67. Ke1 e2 68. Kf2 Kd2 69. Kg3 e1=Q+ 70. Kf4 Qe7 71. Kg4 Ke3 72. Kf5 Kf3 73. Kg6 Kf4 74. Kh6 Kf5 75. Kh5 Qh7#) 54... Kf4 {Black mates.} 55. Kd3 Kf3 56. Kc3 Kxe4 57. Kc4 Kf4 58. Kb5 e4 59. Kc6 Ke5 {Accuracy: White = 42%, Black = 70%.} 0-1